=LDR 00000nam 2200000 4500 =001 INLIS000000000025452 =005 20130612123947 =008 ***********************************Ind** =035 ##$$0010-061300000025452 =041 ##$$a Ind =082 ##$$a 2X2.6 =090 ##$$a 2X2.6, Hid c =100 ##$$a Hidayat kidh =245 ##$$a Cerita untuk anak soleh, Kidh hidayat =260 ##$$a 2006 $b Surabaya =300 ##$$a 85 hlm, ilus, 18 cm =650 ##$$a Cerita untuk anak soleh =850 ##$$a NBPNMAT